| 000 | 00681nam a2200253Ia 4500 | ||
|---|---|---|---|
| 003 | OSt | ||
| 005 | 20220918202556.0 | ||
| 006 | a|||||r|||| 00| 0 | ||
| 007 | ta | ||
| 008 | 220917b |||||||| |||| 00| 0 eng d | ||
| 024 | _a102,252 | ||
| 037 | _cTextual | ||
| 040 |
_aARTS _cARTS _beng |
||
| 041 |
_2eng _aeng |
||
| 082 | _aV236:72.N7, M1 | ||
| 100 |
_aParikh Ram Lal _9104407 |
||
| 245 | 0 | _aEpigraphic resources in Gujrat | |
| 260 |
_aNew Delhi _bButala _c1981 |
||
| 300 |
_a80p. _ccm. |
||
| 650 | _aHISTORY | ||
| 700 |
_a Jamindar Rajesh _9104408 |
||
| 942 |
_hV236:72.N7, M1 _cTEXL _2CC |
||
| 999 |
_c225712 _d225712 |
||